Foundations of Early Childhood Development and Education and Curriculum Development (Record no. 16739)

MARC details
000 -LEADER
fixed length control field 00590nam a22001937a 4500
003 - CONTROL NUMBER IDENTIFIER
control field OSt
005 - DATE AND TIME OF LATEST TRANSACTION
control field 20180321100150.0
008 - FIXED-LENGTH DATA ELEMENTS--GENERAL INFORMATION
fixed length control field 180321b xxu||||| |||| 00| 0 eng d
020 ## - INTERNATIONAL STANDARD BOOK NUMBER
International Standard Book Number 9966011315
040 ## - CATALOGING SOURCE
Transcribing agency KABU
050 ## - LIBRARY OF CONGRESS CALL NUMBER
Classification number LB 1139.23
Item number .K33 2011 C.1
100 ## - MAIN ENTRY--PERSONAL NAME
Personal name Kabiru, Margaret
245 ## - TITLE STATEMENT
Title Foundations of Early Childhood Development and Education and Curriculum Development
Statement of responsibility, etc. Margaret kabiru and Anne Njenga
260 ## - PUBLICATION, DISTRIBUTION, ETC. (IMPRINT)
Place of publication, distribution, etc. Nairobi
Name of publisher, distributor, etc. Focus Publishers ltd
Date of publication, distribution, etc. 2011
300 ## - PHYSICAL DESCRIPTION
Extent 186p.
650 ## - SUBJECT ADDED ENTRY--TOPICAL TERM
Topical term or geographic name as entry element Early childhood education
Geographic subdivision Kenya
700 ## - ADDED ENTRY--PERSONAL NAME
Personal name Anne Njenga
942 ## - ADDED ENTRY ELEMENTS (KOHA)
Source of classification or shelving scheme Library of Congress Classification
Koha item type General Collection
Holdings
Withdrawn status Lost status Source of classification or shelving scheme Not for loan Home library Current library Date acquired Cost, normal purchase price Inventory number Total Checkouts Full call number Barcode Date last seen Date last checked out Copy number Price effective from Koha item type
    Library of Congress Classification   Kabarak, Main Campus Kabarak, Main Campus 21/03/2018 626.00 2018/0246 1 LB 1139.23 .K33 2011 C.1 024072 25/02/2020 10/02/2020 C. 1 21/03/2018 General Collection
    Library of Congress Classification   Kabarak, Main Campus Kabarak, Main Campus 21/03/2018 626.00 2018/0245 3 LB 1139.23 .K33 2011 C.2 024073 20/02/2020 13/02/2020 C. 2 21/03/2018 General Collection
    Library of Congress Classification   Kabarak, Main Campus Kabarak, Main Campus 21/03/2018 626.00 2018/0247 1 LB 1139.23 .K33 2011 C.3 024074 02/11/2019 28/10/2019 C. 3 21/03/2018 General Collection
Designed with assistance from East African Informatics Ltd